Regional disparities in agricultural development (Record no. 238701)
[ view plain ]
| 000 -LEADER | |
|---|---|
| fixed length control field | 00537nam a2200217Ia 4500 |
| 008 - FIXED-LENGTH DATA ELEMENTS--GENERAL INFORMATION | |
| fixed length control field | 150901s9999 xx 000 0 und d |
| 020 ## - INTERNATIONAL STANDARD BOOK NUMBER | |
| International Standard Book Number | 8171002358 |
| 041 ## - LANGUAGE CODE | |
| Language code of text/sound track or separate title | English |
| 082 ## - DEWEY DECIMAL CLASSIFICATION NUMBER | |
| Classification number | 338.1 |
| 082 ## - DEWEY DECIMAL CLASSIFICATION NUMBER | |
| Item number | VEE/RE |
| 100 ## - MAIN ENTRY--PERSONAL NAME | |
| Personal name | Veena Singh |
| 100 ## - MAIN ENTRY--PERSONAL NAME | |
| Relator term | Author |
| 245 ## - TITLE STATEMENT | |
| Title | Regional disparities in agricultural development |
| 260 ## - PUBLICATION, DISTRIBUTION, ETC. (IMPRINT) | |
| Place of publication, distribution, etc. | New Delhi |
| 260 ## - PUBLICATION, DISTRIBUTION, ETC. (IMPRINT) | |
| Name of publisher, distributor, etc. | Deep and Deep Publications |
| 260 ## - PUBLICATION, DISTRIBUTION, ETC. (IMPRINT) | |
| Date of publication, distribution, etc. | 1990 |
| 300 ## - PHYSICAL DESCRIPTION | |
| Extent | 171 Pages |
| 365 ## - TRADE PRICE | |
| Price type code | Rs .150 .00 |
| 650 ## - SUBJECT ADDED ENTRY--TOPICAL TERM | |
| Topical term or geographic name as entry element | Agricultural economics |
| 942 ## - ADDED ENTRY ELEMENTS (KOHA) | |
| Koha item type | Books (General) |
| Withdrawn status | Lost status | Damaged status | Not for loan | Home library | Current library | Date acquired | Cost, normal purchase price | Total Checkouts | Full call number | Barcode | Date last seen | Price effective from | Koha item type |
|---|---|---|---|---|---|---|---|---|---|---|---|---|---|
| College of Agriculture, Vellanikkara | College of Agriculture, Vellanikkara | 03/03/2022 | 150.00 | 338.1 VEE/RE | KAU-COA-23080 | 16/09/2015 | 16/09/2015 | Books (General) |
